000 00584nam a2200217Ia 4500
005 20241129120309.0
008 241129s9999||||xx |||||||||||||| ||und||
020 _a9788179757284
037 _aTB
040 _aSDCL
_beng
_cSDCL
041 _ahin
_2hin
084 _aO15,1D40,3:g Q8
_qSDCL
100 _aSharma Krishandatt
_9393015
245 0 _aMuktibodh Ki Aalochana Drishti
260 _aDelhi
_bAnamika Publishers India
_c2018
300 _a223p
365 _aINR
_b495
650 _aHindi
942 _cTB
_hO15,1D40,3:g Q8
999 _c1234208
_d1234208